000 00658nam a2200181Ia 4500
003 IN-BaIIA
008 211028s9999 xx 000 0 eng d
040 _cIIA Library
080 _a69.01:624
_bIND-28
110 _aBureau of Indian Standards
_920631
245 0 _aIndian standard: method of measurement of building and civil engineering works
_bpt. 28, sound insulation work
_cBureau of Indian Standards
260 _aNew Delhi
_bBureau of Indian Standards
_c1992
300 _a1p.
650 _acivil engineering work
_933840
650 _aIndian standard
_933841
650 _asound insulation work
_933842
942 _cBK
999 _c17821
_d17821